[Event "Sparkassen-Open A"]
[Site "Heusenstamm, Martinsee"]
[Date "2018.11.25"]
[Round "6.106"]
[White "Thomele, Michael"]
[Black "Bobrowski, Damian"]
[Result "1-0"]
[WhiteElo "1855"]
[BlackElo "1586"]
[PlyCount "117"]
[EventDate "2018.??.??"]
[WhiteTeam "SC Obernau"]
[BlackTeam "Sandecja Nowy Sacz"]

1. e4 e6 2. d4 d5 3. Nd2 dxe4 4. Nxe4 Bd7 5. Nf3 Bc6 6. Ned2 Nd7 7. Bc4 Ngf6 8.
c3 b5 9. Bb3 Be7 10. O-O O-O 11. Re1 Bb7 12. a4 a6 13. Qe2 Bd6 14. axb5 axb5
15. Rxa8 Qxa8 16. Qxb5 Nb6 17. Qg5 Nbd5 18. Nc4 Be7 19. Qg3 Nh5 20. Qg4 Ndf6
21. Qh3 Be4 22. Nfe5 g6 23. Bg5 Rd8 24. f3 Bb7 25. Qh4 Ng7 26. Bc2 Nge8 27. Ng4
Kg7 28. Nce5 c5 29. dxc5 Bxc5+ 30. Kh1 Nxg4 31. Nxg4 Bxf3 32. Qg3 Bxg2+ 33.
Qxg2 Qxg2+ 34. Kxg2 f6 35. Bc1 e5 36. b4 Ba7 37. Rd1 Nd6 38. c4 Bd4 39. Bb3 Ne4
40. Ne3 Ra8 41. Nd5 f5 42. c5 f4 43. c6 g5 44. Kf3 Nd6 45. c7 h5 46. h3 e4+ 47.
Kg2 f3+ 48. Kf1 Ba7 49. Bxg5 Nf5 50. Bf4 e3 51. Rc1 e2+ 52. Ke1 Nh4 53. Be3
Ng2+ 54. Kf2 e1=Q+ 55. Rxe1 Bxe3+ 56. Nxe3 Nxe1 57. Kxe1 Rc8 58. Nd5 Kf8 59.
Kf2 1-0

[Event "Sparkassen-Open A"]
[Site "Heusenstamm, Martinsee"]
[Date "2018.11.25"]
[Round "6.107"]
[White "Spelleken, Hans-Gerd"]
[Black "Rosenberger, Frank"]
[Result "0-1"]
[WhiteElo "1792"]
[BlackElo "2008"]
[PlyCount "58"]
[EventDate "2018.??.??"]
[WhiteTeam "SC Kahl"]
[BlackTeam "SK Gernsheim"]

1. Nf3 d5 2. d4 Bf5 3. e3 e6 4. Bd3 Bxd3 5. Qxd3 c6 6. c3 Nd7 7. Nbd2 Ngf6 8.
O-O Bd6 9. Re1 O-O 10. e4 dxe4 11. Nxe4 Nxe4 12. Rxe4 Nc5 13. Qe2 Nxe4 14. Qxe4
h6 15. Bd2 Qf6 16. Re1 Rfe8 17. h3 Qf5 18. Qe2 g5 19. Bc1 Rad8 20. g4 Qg6 21.
Kg2 f6 22. h4 Kg7 23. hxg5 hxg5 24. Rh1 e5 25. dxe5 Bxe5 26. Rh5 Bf4 27. Qf1
Qe4 28. Qh1 Bxc1 29. Kh3 Rd3 0-1

[Event "Sparkassen-Open A"]
[Site "Heusenstamm, Martinsee"]
[Date "2018.11.25"]
[Round "6.108"]
[White "Zimmer, Gerald"]
[Black "Chassard, Cedric"]
[Result "0-1"]
[WhiteElo "1979"]
[BlackElo "1758"]
[PlyCount "86"]
[EventDate "2018.??.??"]
[WhiteTeam "SC Bergen-Enkheim"]
[BlackTeam "SV Riegelsberg"]

1. d4 d5 2. c4 e6 3. Nc3 Nf6 4. Bg5 Bb4 5. Nf3 dxc4 6. Qa4+ Nc6 7. e3 Bd7 8.
Rc1 Bxc3+ 9. Rxc3 Nxd4 10. Qxc4 Nxf3+ 11. gxf3 Bc6 12. Bg2 Qd5 13. Qxd5 Nxd5
14. Rc5 Nb4 15. O-O Nxa2 16. e4 Nb4 17. Rd1 f6 18. Be3 Rd8 19. Rxd8+ Kxd8 20.
Rc4 a5 21. Bc5 Na6 22. Ba3 Bd7 23. Rd4 Re8 24. Bf1 Nb8 25. Bc4 Nc6 26. Rd2 Kc8
27. f4 e5 28. Bf7 Rd8 29. f5 Nd4 30. Kg2 Bc6 31. f3 Be8 32. Ba2 Bb5 33. Kf2 b6
34. b4 axb4 35. Bxb4 c5 36. Bc3 Bc6 37. Ke3 Kc7 38. Rg2 Rd7 39. Rb2 b5 40. Bc4
Kb6 41. Bg8 h6 42. Rg2 b4 43. Bb2 Kb5 0-1

[Event "Sparkassen-Open A"]
[Site "Heusenstamm, Martinsee"]
[Date "2018.11.25"]
[Round "6.110"]
[White "Blank, Stefan"]
[Black "Jordake, Michael"]
[Result "0-1"]
[WhiteElo "1768"]
[BlackElo "1790"]
[PlyCount "62"]
[EventDate "2018.??.??"]
[WhiteTeam "SC Sulzbach"]
[BlackTeam "SC Bergen-Enkheim"]

1. e4 e5 2. Nf3 Nc6 3. d3 Bc5 4. c3 d6 5. Be2 Nge7 6. b4 Bb6 7. Nbd2 a6 8. Nc4
Ba7 9. O-O b5 10. Ne3 Ng6 11. a4 Bd7 12. axb5 axb5 13. Bb2 O-O 14. Qd2 Nf4 15.
Bd1 Ne7 16. Bb3 Be6 17. Bc2 Neg6 18. d4 exd4 19. cxd4 c6 20. Nf5 Bc4 21. Rfe1
f6 22. h4 Ne6 23. d5 cxd5 24. exd5 Nef4 25. Ne3 Bxe3 26. Qxe3 Rxa1 27. Bxa1
Nxd5 28. Qe6+ Kh8 29. h5 Nxb4 30. Bxg6 Bxe6 31. Rxe6 hxg6 0-1

[Event "Sparkassen-Open A"]
[Site "Heusenstamm, Martinsee"]
[Date "2018.11.25"]
[Round "6.111"]
[White "Flach, Helene"]
[Black "Stork, Christopher"]
[Result "0-1"]
[WhiteElo "1849"]
[BlackElo "1721"]
[PlyCount "76"]
[EventDate "2018.??.??"]
[WhiteTeam "SK Langen"]
[BlackTeam "SV Oberursel"]

1. e4 c5 2. Nf3 Nc6 3. d4 cxd4 4. Nxd4 g6 5. c4 Bg7 6. Be3 Nf6 7. Nc3 d6 8. Be2
O-O 9. O-O Bd7 10. h3 Rc8 11. Qc2 Nxd4 12. Bxd4 Bc6 13. Rad1 Qa5 14. b3 Rfd8
15. Rfe1 a6 16. Qd3 e6 17. Qe3 Qa3 18. Nb1 Qxa2 19. Rd2 Qa5 20. Bb6 Qb4 21.
Bxd8 Rxd8 22. Bf3 Nd7 23. Red1 Ne5 24. Be2 Bf8 25. Ra2 Nd7 26. Nd2 Nc5 27. Rb1
Bg7 28. Bd3 Bc3 29. f3 e5 30. Kf1 Ne6 31. Be2 Nf4 32. Bd1 Bd4 33. Qe1 Nd3 34.
Qh4 Re8 35. Be2 Nf4 36. g3 Ne6 37. Kg2 Be3 38. Nf1 Bg5 0-1

[Event "Sparkassen-Open A"]
[Site "Heusenstamm, Martinsee"]
[Date "2018.11.25"]
[Round "6.112"]
[White "Marzec, Witold"]
[Black "Reinhold, GÃ¼nther"]
[Result "1/2-1/2"]
[WhiteElo "1715"]
[BlackElo "1833"]
[PlyCount "95"]
[EventDate "2018.??.??"]
[WhiteTeam "vereinslos"]
[BlackTeam "Frankfurter TV"]

1. c4 Nf6 2. Nc3 e6 3. d4 c5 4. e3 b6 5. Nf3 Bb7 6. g3 Be7 7. Bg2 O-O 8. O-O d5
9. b3 dxc4 10. bxc4 Nbd7 11. Bb2 Rc8 12. d5 exd5 13. cxd5 Re8 14. e4 Bd6 15.
Re1 a6 16. Nh4 Ne5 17. f4 Nc4 18. Bc1 Bb8 19. e5 Nd7 20. Nf5 Nf8 21. d6 Bxg2
22. Kxg2 Qd7 23. Ne7+ Rxe7 24. dxe7 Qxe7 25. Qf3 Ne6 26. Be3 Nxe3+ 27. Qxe3 Nd4
28. Rac1 Rd8 29. Ne2 Qb7+ 30. Kf2 Nf5 31. Qf3 Qxf3+ 32. Kxf3 Kf8 33. g4 Nd4+
34. Nxd4 Rxd4 35. Red1 Rxd1 36. Rxd1 Ke7 37. Ke4 b5 38. Kd5 f6 39. h3 fxe5 40.
fxe5 c4 41. Rf1 c3 42. e6 Ke8 43. Rc1 b4 44. Kc4 a5 45. Kb5 Bc7 46. Rc2 Ke7 47.
Re2 Bf4 48. Rc2 1/2-1/2

[Event "Sparkassen-Open A"]
[Site "Heusenstamm, Martinsee"]
[Date "2018.11.25"]
[Round "6.113"]
[White "Heun, Andreas"]
[Black "Pham, Phuong-Bao"]
[Result "0-1"]
[WhiteElo "1687"]
[BlackElo "1812"]
[PlyCount "94"]
[EventDate "2018.??.??"]
[WhiteTeam "SC Ladja RoÃŸdorf"]
[BlackTeam "Frankfurter TV"]

1. e4 c5 2. Nc3 d6 3. f4 g6 4. Nf3 Bg7 5. a3 Nc6 6. Bc4 e6 7. O-O Nge7 8. d3 a6
9. Qe1 b5 10. Bb3 O-O 11. Qh4 Nd4 12. Nxd4 Bxd4+ 13. Kh1 d5 14. f5 exf5 15. Bg5
f6 16. Bh6 Rf7 17. Nxd5 Be6 18. Nxe7+ Qxe7 19. Bxe6 Qxe6 20. c3 Be5 21. exf5
Qd6 22. Qe4 Rd8 23. fxg6 Re7 24. Qf5 Qxd3 25. Qxd3 Rxd3 26. Rad1 Rxd1 27. Rxd1
hxg6 28. Rd8+ Kf7 29. Bf8 Rc7 30. Bd6 Rc6 31. Bxe5 fxe5 32. Kg1 Ke6 33. Rg8 Kd5
34. Rd8+ Kc4 35. Rd2 Rf6 36. h4 e4 37. Rf2 Re6 38. Kf1 e3 39. Re2 Re4 40. g3
Kd3 41. Ke1 a5 42. Rg2 Rg4 43. Kd1 a4 44. Ke1 b4 45. axb4 cxb4 46. cxb4 Rxb4
47. g4 a3 0-1

[Event "Sparkassen-Open A"]
[Site "Heusenstamm, Martinsee"]
[Date "2018.11.25"]
[Round "6.114"]
[White "Schlemminger, Degenhard"]
[Black "Bunjaku, Lulzim"]
[Result "1/2-1/2"]
[WhiteElo "1673"]
[BlackElo "1807"]
[PlyCount "124"]
[EventDate "2018.??.??"]
[WhiteTeam "SV Reutlingen"]
[BlackTeam "SC Heusenstamm"]

1. c4 f5 2. d4 Nf6 3. Nc3 e6 4. e3 c5 5. Nf3 b6 6. Be2 Bb7 7. O-O Be7 8. b3 O-O
9. Bb2 Na6 10. dxc5 Nxc5 11. Nd4 Rb8 12. Bf3 Nce4 13. Nde2 Bb4 14. a3 Bxc3 15.
Nxc3 Nxc3 16. Bxc3 Bxf3 17. Qxf3 Ne4 18. Rac1 b5 19. Bb4 Rf6 20. cxb5 Rxb5 21.
Qe2 Rb8 22. f3 Ng5 23. Bc3 Rg6 24. Kh1 Rxb3 25. Qa2 Rb8 26. Rfd1 Rh6 27. Be5
Rc8 28. Rxc8 Qxc8 29. Bf4 Rg6 30. h4 Nf7 31. h5 Rf6 32. Qd2 e5 33. Bg3 d6 34.
Rc1 Qe8 35. f4 e4 36. Qd5 h6 37. Bh4 Re6 38. Qxf5 Qd7 39. Rb1 Qc8 40. Qb5 Qc5
41. Qxc5 dxc5 42. Rb8+ Kh7 43. Rb7 Nd6 44. Rxa7 Nf5 45. Bf2 c4 46. Rc7 Ra6 47.
Rxc4 Rxa3 48. Rxe4 Ra2 49. Kg1 Ra1+ 50. Kh2 Ra2 51. Re5 g6 52. hxg6+ Kxg6 53.
Re6+ Kf7 54. Re5 Kf6 55. e4 Nd6 56. Bh4+ Kf7 57. Re7+ Kf8 58. f5 Re2 59. f6
Rxe4 60. Rxe4 Nxe4 61. g4 Kf7 62. Kg2 Nxf6 1/2-1/2

[Event "Sparkassen-Open A"]
[Site "Heusenstamm, Martinsee"]
[Date "2018.11.25"]
[Round "6.115"]
[White "Pade, Joachim"]
[Black "Berkes, JÃ¶rg"]
[Result "1-0"]
[WhiteElo "1630"]
[BlackElo "1798"]
[PlyCount "63"]
[EventDate "2018.??.??"]
[WhiteTeam "SV Alsfeld"]
[BlackTeam "SK Langen"]

1. e4 g6 2. d4 Bg7 3. f4 c5 4. c3 cxd4 5. cxd4 Qb6 6. Nf3 Nc6 7. e5 Nh6 8. Na3
Nf5 9. Nc4 Qc7 10. Be2 d5 11. Ne3 Qa5+ 12. Kf2 Nxe3 13. Bxe3 O-O 14. Rf1 Qb6
15. Rb1 Bd7 16. a3 Rac8 17. b4 Qd8 18. Kg1 e6 19. Rc1 Qb6 20. g4 f6 21. Qd2 Ne7
22. Rc5 h5 23. h3 Kf7 24. exf6 Bxf6 25. Ne5+ Bxe5 26. fxe5+ Kg8 27. Bg5 Rxf1+
28. Bxf1 Nc6 29. Bf6 Kf7 30. Qh6 Rg8 31. Bd3 Ne7 32. Qh7+ 1-0

[Event "Sparkassen-Open A"]
[Site "Heusenstamm, Martinsee"]
[Date "2018.11.25"]
[Round "6.117"]
[White "Weiland, Thomas"]
[Black "Stolle, Hendrik"]
[Result "1-0"]
[WhiteElo "1796"]
[BlackElo "1614"]
[PlyCount "61"]
[EventDate "2018.??.??"]
[WhiteTeam "SV Oberursel"]
[BlackTeam "TG Biberach"]

1. e4 g6 2. d4 Bg7 3. Nf3 d6 4. c3 Nf6 5. Bd3 Bg4 6. h3 Bxf3 7. Qxf3 Nc6 8. O-O
O-O 9. Bg5 h6 10. Bh4 g5 11. Bg3 e5 12. d5 Ne7 13. Nd2 c6 14. dxc6 bxc6 15. Nc4
Ng6 16. Ne3 Nf4 17. Bxf4 exf4 18. Nf5 Nd7 19. Bc2 Ne5 20. Qd1 d5 21. exd5 cxd5
22. Re1 Qf6 23. Qxd5 Rad8 24. Qe4 Ng6 25. Rad1 Rxd1 26. Rxd1 Rd8 27. Rxd8+ Qxd8
28. Nxg7 Kxg7 29. a4 Qf6 30. a5 Nh4 31. Qd4 1-0

[Event "Sparkassen-Open A"]
[Site "Heusenstamm, Martinsee"]
[Date "2018.11.25"]
[Round "6.118"]
[White "Zeitz, Joachim"]
[Black "Neubauer, Robert"]
[Result "0-1"]
[WhiteElo "1753"]
[BlackElo "1899"]
[PlyCount "94"]
[EventDate "2018.??.??"]
[WhiteTeam "SC GEMA St.Ingbert"]
[BlackTeam "Bad Vilbeler Sfr"]

1. e4 e5 2. Nf3 Nf6 3. d4 Nxe4 4. Nxe5 d5 5. Be2 Nd7 6. Bf4 Qf6 7. g3 g5 8.
Nxd7 Bxd7 9. Be3 O-O-O 10. Nd2 Nd6 11. Nf3 h6 12. Ne5 Bh3 13. Bg4+ Bxg4 14.
Qxg4+ Nf5 15. O-O-O Kb8 16. Qf3 Qe6 17. Rhe1 Bg7 18. Nd3 Qe4 19. Qxe4 dxe4 20.
Ne5 Nd6 21. f4 exf3 22. Nxf3 f5 23. c3 Rhe8 24. h4 Nc4 25. Bf2 g4 26. Nd2 Nd6
27. Be3 Rd7 28. Bf4 Rde7 29. Rxe7 Rxe7 30. Bxd6 cxd6 31. Nc4 Kc7 32. Kd2 h5 33.
Rf1 Bh6+ 34. Kd3 b5 35. Na3 Re3+ 36. Kc2 a6 37. Rxf5 Rxg3 38. Rxh5 Rg2+ 39. Kd3
Bc1 40. Nc2 Rd2+ 41. Ke4 Rxc2 42. Kd5 Bf4 43. Rh7+ Kb6 44. Rf7 Rf2 45. h5 g3
46. Ke4 g2 47. Rg7 Bh2 0-1

[Event "Sparkassen-Open A"]
[Site "Heusenstamm, Martinsee"]
[Date "2018.11.25"]
[Round "7.1"]
[White "Nikolov, Momchil"]
[Black "Gritsak, Orest"]
[Result "1/2-1/2"]
[WhiteElo "2560"]
[BlackElo "2457"]
[PlyCount "23"]
[EventDate "2018.??.??"]
[WhiteTeam "vereinslos"]
[BlackTeam "vereinslos"]

1. d4 d5 2. Nf3 Nf6 3. c4 c6 4. cxd5 cxd5 5. Nc3 Nc6 6. Bf4 Bf5 7. e3 e6 8. Bd3
Bxd3 9. Qxd3 Bd6 10. Bxd6 Qxd6 11. O-O O-O 12. Rac1 1/2-1/2

[Event "Sparkassen-Open A"]
[Site "Heusenstamm, Martinsee"]
[Date "2018.11.25"]
[Round "7.2"]
[White "Noe, Christopher"]
[Black "Pap, Misa"]
[Result "1-0"]
[WhiteElo "2529"]
[BlackElo "2473"]
[PlyCount "169"]
[EventDate "2018.??.??"]
[WhiteTeam "SC Eppingen"]
[BlackTeam "SF Augsburg"]

1. d4 f5 2. c4 Nf6 3. Nc3 g6 4. g3 Bg7 5. Bg2 O-O 6. Nf3 d6 7. O-O c6 8. d5 e5
9. dxe6 Bxe6 10. b3 Na6 11. Ng5 Qe7 12. Nxe6 Qxe6 13. Bb2 Nc5 14. Qc2 a5 15.
Rad1 Rad8 16. e3 Rfe8 17. a3 h5 18. b4 axb4 19. axb4 Nce4 20. Nxe4 fxe4 21. Rd2
Nh7 22. Bxg7 Kxg7 23. h4 Nf6 24. Rfd1 d5 25. b5 Rc8 26. bxc6 bxc6 27. Qc3 Kh7
28. Rb2 Rcd8 29. Rb7+ Re7 30. Bh3 Qf7 31. Rb6 Rc7 32. cxd5 Nxd5 33. Qc2 Rf8 34.
Rb2 Qe7 35. Rd4 Nf6 36. Rb6 Rd8 37. Rc4 Rd6 38. Rbxc6 Rdxc6 39. Rxc6 Rxc6 40.
Qxc6 Kg7 41. Be6 Qa7 42. Kg2 Qe7 43. Qb6 Kh7 44. Kf1 Kg7 45. Ke2 Kh6 46. Kd2
Ng4 47. Bxg4 hxg4 48. Kc3 Qe5+ 49. Kc4 Qe7 50. Qc5 Qf7+ 51. Kd4 Qxf2 52. Qg5+
Kh7 53. Qxg4 Qb2+ 54. Kxe4 Qc2+ 55. Kf3 Qd1+ 56. Kf4 Qd6+ 57. Ke4 Qc6+ 58. Kd3
Qa6+ 59. Kd2 Qa5+ 60. Ke2 Qa2+ 61. Ke1 Qd5 62. Kf2 Qd2+ 63. Qe2 Qd5 64. e4 Qe5
65. Kg2 Kg7 66. Kh3 Kh7 67. Qg4 Qd6 68. h5 gxh5 69. Qxh5+ Kg7 70. Qg5+ Kh7 71.
Qf5+ Kg7 72. e5 Qd5 73. Qg5+ Kf7 74. Qf6+ Ke8 75. Qg6+ Ke7 76. Qd6+ Qxd6 77.
exd6+ Kxd6 78. Kg4 Ke6 79. Kg5 Kf7 80. Kh6 Kg8 81. g4 Kh8 82. g5 Kg8 83. Kg6
Kh8 84. Kf7 Kh7 85. g6+ 1-0

[Event "Sparkassen-Open A"]
[Site "Heusenstamm, Martinsee"]
[Date "2018.11.25"]
[Round "7.3"]
[White "Zuyev, Igor"]
[Black "Sumets, Andrey"]
[Result "1/2-1/2"]
[WhiteElo "2435"]
[BlackElo "2580"]
[PlyCount "64"]
[EventDate "2018.??.??"]
[WhiteTeam "SC Heusenstamm"]
[BlackTeam "SF Lilienthal"]

1. e4 c6 2. d4 d5 3. exd5 cxd5 4. Bd3 Nc6 5. c3 Nf6 6. Bf4 g6 7. Nd2 Bf5 8.
Bxf5 gxf5 9. Ngf3 e6 10. O-O Bd6 11. Ne5 Qc7 12. Qe2 Rg8 13. Rad1 Bxe5 14. Bxe5
Nxe5 15. dxe5 Ne4 16. Nxe4 fxe4 17. f3 exf3 18. Qxf3 Rg6 19. c4 dxc4 20. Rd4
Rc8 21. a4 Qe7 22. Rd6 Rc7 23. Qc3 Kf8 24. Qd4 Kg7 25. g3 h5 26. Rf4 b6 27. Kg2
Qe8 28. Rd8 Qxa4 29. Qd6 Qc6+ 30. Qxc6 Rxc6 31. Rd7 Kg8 32. Rfxf7 a5 1/2-1/2

[Event "Sparkassen-Open A"]
[Site "Heusenstamm, Martinsee"]
[Date "2018.11.25"]
[Round "7.5"]
[White "Barski, Radoslaw"]
[Black "Farmani Anosheh, Yasha"]
[Result "1-0"]
[WhiteElo "2459"]
[BlackElo "2127"]
[PlyCount "115"]
[EventDate "2018.??.??"]
[WhiteTeam "SC Heusenstamm"]
[BlackTeam "SK Ladenburg"]

1. e4 e5 2. Nf3 Nc6 3. Bb5 Nf6 4. d3 Bc5 5. c3 d6 6. O-O O-O 7. Nbd2 a6 8. Bxc6
bxc6 9. Qc2 Re8 10. d4 Bb6 11. dxe5 dxe5 12. Nc4 Nd7 13. Bg5 f6 14. Be3 Qe7 15.
Rfd1 Kh8 16. Rd2 a5 17. Rad1 Nc5 18. Nxb6 cxb6 19. Rd6 Be6 20. Rxc6 Bxa2 21.
Rxb6 a4 22. Re1 Rac8 23. Rb5 Bb3 24. Qb1 Nd3 25. Rf1 Bc4 26. Rb6 Nf4 27. Re1
Qc7 28. Nd2 Bd3 29. Qa2 Bc2 30. Qa3 Rb8 31. Rxb8 Rxb8 32. Bxf4 exf4 33. Rc1 Bb3
34. Nxb3 axb3 35. Rd1 Qc4 36. Qd6 Re8 37. f3 Qe2 38. Qd2 Qxd2 39. Rxd2 Ra8 40.
Rd4 Kg8 41. Rb4 Ra1+ 42. Kf2 Rc1 43. Rxb3 Rc2+ 44. Kf1 Rc1+ 45. Ke2 Rc2+ 46.
Kd3 Rxg2 47. c4 Kf7 48. c5 Ke7 49. Rb7+ Kd8 50. b4 Rf2 51. Rxg7 Rxf3+ 52. Kd4
Rb3 53. Kc4 Re3 54. Kd5 Rd3+ 55. Kc6 Rd4 56. b5 Rxe4 57. b6 Re6+ 58. Kb5 1-0

[Event "Sparkassen-Open A"]
[Site "Heusenstamm, Martinsee"]
[Date "2018.11.25"]
[Round "7.6"]
[White "Sadzikowski, Daniel"]
[Black "Bomans, Arno"]
[Result "1/2-1/2"]
[WhiteElo "2544"]
[BlackElo "2262"]
[PlyCount "125"]
[EventDate "2018.??.??"]
[WhiteTeam "SC Heusenstamm"]
[BlackTeam "Gambiet Opwijk"]

1. e4 d6 2. d4 g6 3. Nf3 Bg7 4. Be2 e5 5. Bg5 Ne7 6. Nc3 h6 7. Be3 Nbc6 8. dxe5
dxe5 9. Qxd8+ Kxd8 10. O-O-O+ Bd7 11. Bc4 Rf8 12. Rd3 Kc8 13. Rhd1 Be6 14.
Bxe6+ fxe6 15. h4 b6 16. Ne2 Kb7 17. c3 Rad8 18. Rxd8 Rxd8 19. Rh1 Ng8 20. Ne1
Na5 21. Kc2 Nc4 22. Bc1 Nd6 23. f3 c5 24. Nd3 c4 25. Nf2 Nf6 26. Rh3 Rg8 27.
Rg3 Bf8 28. Ng4 Nxg4 29. Rxg4 h5 30. Rg3 Be7 31. Rh3 Rf8 32. Be3 a6 33. Ng3 Kc6
34. Nh1 Nb7 35. Nf2 Bc5 36. Bxc5 Nxc5 37. Rg3 Rf6 38. b3 b5 39. b4 Nd7 40. Kd2
Nf8 41. Ke3 Rf7 42. Rg5 Kd6 43. g3 Rf6 44. f4 Nd7 45. Ke2 Rf7 46. Nh3 Rf6 47.
Nf2 Rf7 48. Ke3 Rf6 49. a3 exf4+ 50. gxf4 e5 51. f5 Nf8 52. Nh1 Kd7 53. Ng3 Rd6
54. Ke2 Ke8 55. Nf1 Kf7 56. Ne3 Rd3 57. Nd5 Rh3 58. fxg6+ Nxg6 59. Rxh5 Nf4+
60. Nxf4 exf4 61. Rf5+ Ke6 62. Rxf4 Ke5 63. Rf3 1/2-1/2

[Event "Sparkassen-Open A"]
[Site "Heusenstamm, Martinsee"]
[Date "2018.11.25"]
[Round "7.9"]
[White "Andreev, Eduard"]
[Black "Hahn, Florian"]
[Result "1-0"]
[WhiteElo "2425"]
[BlackElo "2148"]
[PlyCount "59"]
[EventDate "2018.??.??"]
[WhiteTeam "SC Siegburg"]
[BlackTeam "SC Herborn"]

1. e4 c5 2. Nf3 g6 3. d4 cxd4 4. Nxd4 Bg7 5. c4 Nc6 6. Be3 Nf6 7. Nc3 Ng4 8.
Qxg4 Nxd4 9. Qd1 e5 10. Bd3 d6 11. O-O O-O 12. Qd2 Be6 13. Rad1 Qd7 14. b3 Rac8
15. Bb1 b5 16. Bxd4 b4 17. Ne2 exd4 18. Qxb4 Rb8 19. Qd2 Rfd8 20. Nxd4 Qb7 21.
Kh1 Bd7 22. f3 h5 23. Ne2 Bc6 24. Bc2 Kh7 25. Nd4 Qb6 26. f4 Bd7 27. f5 Qc5 28.
Nf3 Bh6 29. Qxd6 Qe3 30. fxg6+ 1-0

[Event "Sparkassen-Open A"]
[Site "Heusenstamm, Martinsee"]
[Date "2018.11.25"]
[Round "7.11"]
[White "Geske, Julian"]
[Black "Chandler, Patrick"]
[Result "1/2-1/2"]
[WhiteElo "2382"]
[BlackElo "2138"]
[PlyCount "129"]
[EventDate "2018.??.??"]
[WhiteTeam "Wiesbadener SV"]
[BlackTeam "SC Nied"]

1. e4 e5 2. Nf3 d6 3. d4 Nc6 4. Bb5 f6 5. O-O Bd7 6. c3 Nge7 7. Nh4 g6 8. a4
Bg7 9. Bc4 Qc8 10. f4 exf4 11. Bxf4 Nd8 12. Nd2 Be6 13. Bxe6 Qxe6 14. Qc2 O-O
15. Bg3 Nf7 16. Rae1 Rae8 17. Qd3 Qd7 18. Qb5 c6 19. Qb3 d5 20. Nhf3 Kh8 21.
exd5 cxd5 22. Bf4 g5 23. Bg3 Ng6 24. Rxe8 Rxe8 25. Qd1 f5 26. Re1 f4 27. Bf2
Bf6 28. Rxe8+ Qxe8 29. c4 g4 30. Ne1 h5 31. cxd5 Kg7 32. Nb1 Qd7 33. Nc3 h4 34.
Nc2 Qf5 35. Qe2 Ng5 36. Be1 g3 37. Kh1 f3 38. Ne3 Qf4 39. gxf3 Bxd4 40. Ng2
Qxf3 41. d6 h3 42. Qxf3 Nxf3 43. Bxg3 hxg2+ 44. Kxg2 Nfe5 45. Nb5 Bc5 46. b4
Bxb4 47. Nxa7 Bxd6 48. Nb5 Bb4 49. Kf2 Bc5+ 50. Ke2 Kh6 51. Kd2 Kg5 52. Kc3 Kg4
53. Nc7 Bb6 54. Nd5 Bc5 55. Nc7 Bb6 56. Nd5 Ba5+ 57. Kd4 Nd7 58. Bc7 Be1 59.
Kc4 Kf5 60. a5 Ke4 61. Nb4 Ne7 62. a6 Bxb4 63. axb7 Nd5 64. b8=Q Nxb8 65. Bxb8
1/2-1/2

[Event "Sparkassen-Open A"]
[Site "Heusenstamm, Martinsee"]
[Date "2018.11.25"]
[Round "7.16"]
[White "Enchev, Ivajlo"]
[Black "KÃ¶llner, Christof"]
[Result "1-0"]
[WhiteElo "2496"]
[BlackElo "2105"]
[PlyCount "109"]
[EventDate "2018.??.??"]
[WhiteTeam "vereinslos"]
[BlackTeam "SV Bergneustadt/Derschlag"]

1. Nf3 d6 2. d4 Nf6 3. g3 g6 4. Bg2 Bg7 5. O-O O-O 6. c4 c6 7. Nc3 Qc7 8. e4 e5
9. h3 Re8 10. Be3 Nbd7 11. Qc2 a6 12. Rac1 Qb8 13. b4 b5 14. c5 dxc5 15. bxc5
Bf8 16. dxe5 Nxe5 17. Bd4 Nfd7 18. Nxe5 Rxe5 19. Bxe5 Qxe5 20. f4 Qd4+ 21. Kh2
Nxc5 22. Rfd1 Qc4 23. Qd2 Qe6 24. e5 Bb7 25. Ne2 Re8 26. Nd4 Qc8 27. Qa5 Be7
28. Qb6 Na4 29. Qa7 Ba3 30. Nxc6 Bxc1 31. Rxc1 Qa8 32. Qd4 Bxc6 33. Rxc6 Qd8
34. Rd6 Qa5 35. Qa7 Qc3 36. Qxa6 Qc4 37. Qa5 Rc8 38. Rd2 Nc3 39. Qa6 h5 40. h4
Kg7 41. f5 gxf5 42. Qf6+ Kg8 43. Qg5+ Kf8 44. Qxf5 Qg4 45. Qf6 Re8 46. e6 Qg7
47. e7+ Kg8 48. Qf5 f6 49. Rd8 Qxe7 50. Qg6+ Kf8 51. Rxe8+ Qxe8 52. Qxf6+ Qf7
53. Qxc3 Qxa2 54. Qc5+ Kg7 55. Qxb5 1-0

[Event "Sparkassen-Open A"]
[Site "Heusenstamm, Martinsee"]
[Date "2018.11.25"]
[Round "7.17"]
[White "Hirneise, Jens"]
[Black "Gallasch, Jonas"]
[Result "1-0"]
[WhiteElo "2370"]
[BlackElo "2100"]
[PlyCount "59"]
[EventDate "2018.??.??"]
[WhiteTeam "TSV SchÃ¶naich"]
[BlackTeam "SG Porz"]

1. e4 d5 2. exd5 Nf6 3. Nf3 Nxd5 4. d4 e6 5. Bd3 c5 6. c3 Nc6 7. O-O Be7 8. Re1
cxd4 9. cxd4 O-O 10. Nc3 Nxc3 11. bxc3 b6 12. Qc2 g6 13. Bh6 Re8 14. h4 Bxh4
15. Nxh4 Qxh4 16. Qd2 Qf6 17. Bg5 Qg7 18. Qf4 f5 19. Re3 Bd7 20. Rae1 Nd8 21.
d5 e5 22. Bxd8 Raxd8 23. Rxe5 Rxe5 24. Rxe5 Re8 25. Rxe8+ Bxe8 26. Qb8 Qd7 27.
Ba6 Kf7 28. d6 b5 29. Bc8 Qc6 30. Qxa7+ 1-0

[Event "Sparkassen-Open A"]
[Site "Heusenstamm, Martinsee"]
[Date "2018.11.25"]
[Round "7.18"]
[White "Gschnitzer, Adrian"]
[Black "Dickel, Jens"]
[Result "1-0"]
[WhiteElo "2365"]
[BlackElo "2077"]
[PlyCount "39"]
[EventDate "2018.??.??"]
[WhiteTeam "SV Walldorf"]
[BlackTeam "SV Kreuztal"]

1. e4 c6 2. d4 d5 3. e5 Bf5 4. Nf3 e6 5. Be2 c5 6. Be3 cxd4 7. Nxd4 Ne7 8. c4
dxc4 9. Qa4+ Nbc6 10. Nc3 a6 11. Bf3 Qa5 12. Nxf5 exf5 13. Qxa5 Nxa5 14. O-O-O
Nac6 15. Bb6 g6 16. Kb1 Bg7 17. Rhe1 O-O 18. Rd7 Nc8 19. Bc5 Re8 20. e6 1-0

[Event "Sparkassen-Open A"]
[Site "Heusenstamm, Martinsee"]
[Date "2018.11.25"]
[Round "7.19"]
[White "Mesias Rojas, Rabindranath"]
[Black "Muckle, Julius"]
[Result "0-1"]
[WhiteElo "2205"]
[BlackElo "2344"]
[PlyCount "80"]
[EventDate "2018.??.??"]
[WhiteTeam "AJEZA"]
[BlackTeam "SK Ludwigshafen"]

1. d4 d5 2. Nc3 Nf6 3. Bf4 Bf5 4. f3 e6 5. g4 Bg6 6. h4 h5 7. g5 Nfd7 8. e3 Bb4
9. Bd3 Bxc3+ 10. bxc3 Bxd3 11. Qxd3 Nc6 12. Ne2 O-O 13. g6 e5 14. gxf7+ Rxf7
15. Bg5 Qf8 16. f4 exd4 17. cxd4 Nf6 18. Bxf6 Rxf6 19. Kf2 Ne7 20. Rag1 Re8 21.
Rg5 Nf5 22. Rh3 g6 23. Qb3 Qf7 24. Rxf5 Rxf5 25. Qxb7 c5 26. Qb5 c4 27. Ng1 Rf6
28. Nf3 Rb6 29. Qa4 Re7 30. Rg3 Qe8 31. Qxe8+ Rxe8 32. Ne5 Kh7 33. Ke2 Rb2 34.
Kd2 Re6 35. a4 Ra6 36. Rg5 Rxa4 37. Nxg6 Raa2 38. Nf8+ Kh8 39. Ng6+ Kg7 40.
Ne5+ Kf6 0-1

[Event "Sparkassen-Open A"]
[Site "Heusenstamm, Martinsee"]
[Date "2018.11.25"]
[Round "7.20"]
[White "Bethke, Richard"]
[Black "Neukirchner, Pascal"]
[Result "0-1"]
[WhiteElo "2192"]
[BlackElo "2305"]
[PlyCount "54"]
[EventDate "2018.??.??"]
[WhiteTeam "SF Neuberg"]
[BlackTeam "SK GrÃ¼ndau"]

1. e4 c5 2. Nf3 g6 3. d4 cxd4 4. Nxd4 Bg7 5. Be2 Nf6 6. Nc3 Nc6 7. Nb3 O-O 8.
O-O d6 9. Bg5 Be6 10. Re1 Rc8 11. Bf1 Re8 12. Nd5 Ne5 13. Bxf6 exf6 14. c3 f5
15. exf5 Bxf5 16. Nd4 Be6 17. Nb5 Rc5 18. Nf4 d5 19. Nxe6 fxe6 20. Nd4 Qf6 21.
Qa4 Rf8 22. Qxa7 Qxf2+ 23. Kh1 Rc7 24. Qb6 Rcf7 25. Qxe6 Kh8 26. Be2 Nc6 27.
Rf1 Qxf1+ 0-1

[Event "Sparkassen-Open A"]
[Site "Heusenstamm, Martinsee"]
[Date "2018.11.25"]
[Round "7.21"]
[White "Hahn, Markus"]
[Black "Huschens, Matthias"]
[Result "1-0"]
[WhiteElo "2271"]
[BlackElo "1989"]
[PlyCount "119"]
[EventDate "2018.??.??"]
[WhiteTeam "SVG Caissa Kassel"]
[BlackTeam "SG Kaiserslautern"]

1. d4 d5 2. c4 e6 3. Nf3 Nf6 4. g3 Bb4+ 5. Bd2 Be7 6. Bg2 O-O 7. O-O Nbd7 8.
Qc2 Ne4 9. Bf4 c6 10. Nc3 g5 11. Bc1 f5 12. Rb1 h5 13. Nd2 Bf6 14. Ndxe4 dxe4
15. Be3 Nb6 16. Rbd1 Nxc4 17. Nxe4 Nxe3 18. Nxf6+ Qxf6 19. fxe3 Kg7 20. Qc5 Bd7
21. e4 Rad8 22. Qxa7 Bc8 23. Qc5 Rf7 24. e3 Qh6 25. Qe5+ Kg8 26. d5 Rdf8 27.
exf5 exd5 28. e4 dxe4 29. Bxe4 Qf6 30. Qc5 Qe7 31. Qxe7 Rxe7 32. Bc2 Re2 33.
Rf2 Rxf2 34. Kxf2 Bxf5 35. Bxf5 Rxf5+ 36. Ke3 Rb5 37. b3 Kf7 38. Rd6 Re5+ 39.
Kd3 h4 40. gxh4 gxh4 41. Rh6 Rd5+ 42. Kc3 Rc5+ 43. Kb2 Ke7 44. Rxh4 Kd6 45. a4
Kc7 46. Rf4 b5 47. axb5 cxb5 48. Rd4 Rf5 49. h4 Rf2+ 50. Kc3 Rh2 51. b4 Re2 52.
Kd3 Re1 53. Kd2 Re8 54. h5 Rh8 55. Rh4 Kd6 56. h6 Ke5 57. h7 Kf6 58. Ke3 Kg7
59. Kd4 Rd8+ 60. Kc5 1-0